000 00605nam a2200217Ia 4500
005 20250326144516.0
008 250326s9999 xx 000 0 und d
020 _a0-8144-8060-8
037 _aTextbook
040 _aFMSL
_beng
_cFMSL
041 _aeng
_2eng
084 _aX:8 P8
_qFMSL
100 _aDavis Marvin A
_9749801
245 0 _aTake no prisoners: a no-holds-barred approach to corporate excellence
_cDavis Marvin A
260 _aNY
_bNY, AMACOM
_c2008
300 _ax,230
365 _b1211.8215
650 _aManagement
942 _cTB
_hX:8 P8
999 _c1303978
_d1303978